Normal view
MARC view
Entry Personal Name
001 - CONTROL NUMBER
- control field: 261623
003 - CONTROL NUMBER IDENTIFIER
- control field: OSt
005 - DATE AND TIME OF LATEST TRANSACTION
- control field: 20260415120158.0
008 - FIXED-LENGTH DATA ELEMENTS
- fixed length control field: 260415|| aca||aabn | a|a d
040 ## - CATALOGING SOURCE
- Original cataloging agency: OSt
- Transcribing agency: OSt
100 ## - HEADING--PERSONAL NAME
- Personal name: MATHADA (S B)
- Dates associated with a name: ಮಥಾಡ (ಎಸ್ ಬಿ)
670 ## - SOURCE DATA FOUND
- Source citation: Work cat.: (OSt)85390: MATHADA (S B) ಮಥಾಡ (ಎಸ್ ಬಿ) , Pranishastra parichaya., 1971